Перспективный многоприемниковый микроволновый радиометр на основе модифицированного метода нулевых измерений: автореферат диссертации на соискание ученой степени кандидата технических наук; спец. 05.12.04

מידע ביבליוגרפי
מחבר ראשי: Убайчин А. В. Антон Викторович
מחבר תאגידי: Томский государственный университет систем управления и радиоэлектроники (ТУСУР)
מחברים אחרים: Филатов А. В. Александр Владимирович (научный руководитель)
סיכום:Защита сост. 15.10.2013 г.
שפה:רוסית
יצא לאור: Томск, 2013
נושאים:
פורמט: ספר
KOHA link:https://koha.lib.tpu.ru/cgi-bin/koha/opac-detail.pl?biblionumber=244874

MARC

LEADER 00000nam0a2200000 4500
001 244874
005 20231101232104.0
035 |a (RuTPU)RU\TPU\book\266269 
090 |a 244874 
100 |a 20131030d2013 k y0rusy50 ca 
101 0 |a rus 
102 |a RU 
105 |a a dm 001zy 
200 1 |a Перспективный многоприемниковый микроволновый радиометр на основе модифицированного метода нулевых измерений  |e автореферат диссертации на соискание ученой степени кандидата технических наук  |e спец. 05.12.04  |f А. В. Убайчин  |g Томский государственный университет систем управления и радиоэлектроники (ТУСУР) ; науч. рук. А. В. Филатов 
210 |a Томск  |d 2013 
215 |a 23 с.  |c ил. 
300 |a Защита сост. 15.10.2013 г. 
320 |a Библиогр.: с. 21-23 (28 назв.). 
606 1 |a Радиометры  |2 stltpush  |3 (RuTPU)RU\TPU\subj\22871  |9 47554 
610 1 |a микроволновые переносные радиометры 
610 1 |a создание 
610 1 |a радиометрические схемы 
610 1 |a многоканальность 
610 1 |a мультиспектральные измерения 
610 1 |a нулевые радиометры 
610 1 |a функционирование 
610 1 |a авторефераты диссертаций 
675 |a 539.1.074(04)  |v 3 
686 |a 05.12.04  |2 oksvnk 
700 1 |a Убайчин  |b А. В.  |c специалист в области контрольно-измерительной техники  |c научный сотрудник Томского политехнического университета, кандидат технических наук  |f 1988-  |g Антон Викторович  |2 stltpush  |3 (RuTPU)RU\TPU\pers\36584 
702 1 |a Филатов  |b А. В.  |g Александр Владимирович  |4 727 
712 0 2 |a Томский государственный университет систем управления и радиоэлектроники (ТУСУР)  |c (1997 - )  |2 stltpush  |3 (RuTPU)RU\TPU\col\422 
801 1 |a RU  |b 63413507  |c 20131030 
801 2 |a RU  |b 63413507  |c 20191204  |g RCR 
942 |c BK